| 000 | 00000nam##2200000za#4500 |
| 001 | 9.576787 |
| 003 | CaOODSP |
| 005 | 20210624185314 |
| 007 | cr ||||||||||| |
| 008 | 150406|1988||||xxc|||||o f|0| 0 eng|d |
| 040 | |aCaOODSP|beng |
| 043 | |an-cn--- |
| 086 | 1 |aFs97-13/715E-PDF |
| 110 | 1 |aCanada. |bDepartment of Fisheries and Oceans. |
| 245 | 10|aRecreational Atlantic salmon catch, 1986 and annual summaries, 1953-1986 for West Newfoundland and South Labrador, Gulf Region / |h[electronic resource]|cby C.C. Mullins J.A. Wright R.R. Claytor. |
| 260 | |aMoncton - New Brunswick : |bFisheries and Oceans Canada |c1988. |
| 300 | |a136p.|breferences, tables |
| 490 | 1 |aCanadian data report of fisheries and aquatic sciences|vNo. 715 |
| 500 | |aOn t.p. : Science Branch, Gulf Region, Moncton, NB. Catalogue number of the print edition appears in the PDF version. |
| 546 | |a(Résumé en français) |
| 590 | |a13-18-Supp|b2013-08-01 |
| 720 | 1 |aClaytor, R. R. |
| 720 | 1 |aWright, J. A. |
| 720 | 1 |aMullins, C. C. |
| 830 | #0|aCanadian data report of fisheries and aquatic sciences ;|vNo. 715|w(CaOODSP)9.505124 |
| 856 | 40|ahttp://publications.gc.ca|qPDF|s1597 KB|uhttps://publications.gc.ca/collections/collection_2013/mpo-dfo/Fs97-13-715-eng.pdf|yNo. 715 |